| 000 | 00396pam a2200157a 44500 | ||
|---|---|---|---|
| 008 | 230515b1990 xxu||||| |||| 00| 0 eng d | ||
| 020 | _aNULL | ||
| 041 | _aNULL | ||
| 082 | _a621.395/HOR | ||
| 100 | _aHORN D.T. | ||
| 245 | _a49 EASY ELECTRONIC PROJECTS FOR TRAN CONDUCTANCE AND NORTON OP AMPS | ||
| 250 | _aN.D. | ||
| 260 |
_aNULL _bTAB B _c1990 |
||
| 300 | _a"""XII 216 | ||
| 650 | _a2407.59 | ||
| 999 |
_c635018 _d635018 |
||